| 000 | 01232nas a2200421 4500 | ||
|---|---|---|---|
| 001 | BR0402725 | ||
| 003 | BR-BrBNA | ||
| 005 | 20231205104548.0 | ||
| 007 | ta | ||
| 008 | 230509b bl.|||p| |||| 00| 00por d | ||
| 040 |
_aBR-BrBNA _bpor _cBiblioteca Nacional de Agricultura |
||
| 041 | _a(Pt) | ||
| 072 | _aH20; F03; J10 | ||
| 100 | 1 | _aSouza, A.A. | |
| 100 | 1 | _aAraújo, E. | |
| 100 | 1 | _aBruno, R. de L.A. | |
| 100 | 1 | _aQueiroga, V. de P. | |
| 100 | 1 | _aSantos, J.W. dos | |
| 245 | 1 | _aMicoflora de sementes de algodão herbáceo tratadas com fungicidas químicos e mantidas em armazenamento | |
| 650 | _aALGODÃO HERBÁCEO | ||
| 650 | _aSEMENTE | ||
| 650 | _aTRATAMENTO DE SEMENTE | ||
| 650 | _aARMAZENAMENTO | ||
| 650 | _aFUNGO | ||
| 650 | _aVARIEDADE | ||
| 650 | _aFUNGICIDA | ||
| 650 | _aASPERGILLUS FLAVUS | ||
| 650 | _aFUSARIOSE | ||
| 650 | _aRHIZOPUS | ||
| 650 | _aUMIDADE | ||
| 650 | _aLÍNTER | ||
| 650 | _aCONTROLE QUÍMICO | ||
| 650 | _aANÁLISE COMPARATIVA | ||
| 650 | _aQUALIDADE | ||
| 773 | 0 |
_tRevista Brasileira de Oleaginosas e Fibrosas (Brazil) _xISSN 1415-6784 _g(Sep-Dec 2002), v. 6(3) p. 587-597 _wBR0402725 |
|
| 909 |
_a202311 _bLúcia _c55 _dLúcia Elande |
||
| 942 |
_2AGRIS _n0 _cANA |
||
| 999 |
_c178733 _d178733 |
||